ChinAmerica : (Record no. 49560)

MARC details
000 -LEADER
fixed length control field 01838nam a22003857a 4500
005 - DATE AND TIME OF LATEST TRANSACTION
control field 20101227155414.0
008 - FIXED-LENGTH DATA ELEMENTS--GENERAL INFORMATION
fixed length control field 101227t xxu||||| |||| 00| 0 eng d
010 ## - LCCN (DPL NO)
LC control number ENG-101879
020 ## - INTERNATIONAL STANDARD BOOK NUMBER
International Standard Book Number 9780071070775
Terms of availability 575.00
020 ## - INTERNATIONAL STANDARD BOOK NUMBER
International Standard Book Number 007107077x
Terms of availability 575.00
035 ## - SYSTEM CONTROL NUMBER
System control number EN-85412
037 ## - SOURCE OF ACQUISITION
Source of stock number/acquisition DBAD/PUB
040 ## - CATALOGING SOURCE
Original cataloging agency dpl
Language of cataloging Eng
082 ## - DEWEY DECIMAL CLASSIFICATION NUMBER
Classification number 337.73051
100 ## - MAIN ENTRY--PERSONAL NAME
9 (RLIN) 25104
Personal name Jones, Handel Hydn
245 ## - TITLE STATEMENT
Title ChinAmerica :
Statement of responsibility, etc by Handel Jones
Remainder of title the uneasy partnership that will change the world / |
260 ## - PUBLICATION, DISTRIBUTION, ETC. (IMPRINT)
Place of publication, distribution, etc New Delhi
Name of publisher, distributor, etc Tata McGraw Hill
Date of publication, distribution, etc 2010
270 ## - ADDRESS
Address 7 West Patel Nagar
City New Delhi
Postal code 110008
300 ## - PHYSICAL DESCRIPTION
Extent xx,280p.
Dimensions 24cm(Hb)
500 ## - GENERAL NOTE
General note Includes bibliographical references and index.
505 ## - FORMATTED CONTENTS NOTE
Formatted contents note The front lines of the Chinamerica wealth battle -- How CEOs replaced generals -- Automobiles and steel production -- PC threats and other industries -- Role of government in U.S. industry -- What is China today? -- Chinese culture -- Chinese government policies -- Chinese economic philosophies -- Predictions for the Chinese economy -- Taiwan and its synergy with China -- Restructuring the U.S.
650 ## - SUBJECT ADDED ENTRY--TOPICAL TERM
9 (RLIN) 25107
Topical term or geographic name as entry element Industrial policy
Geographic subdivision United States.
650 ## - SUBJECT ADDED ENTRY--TOPICAL TERM
9 (RLIN) 25108
650 ## - SUBJECT ADDED ENTRY--TOPICAL TERM
9 (RLIN) 25109
650 ## - SUBJECT ADDED ENTRY--TOPICAL TERM
9 (RLIN) 25112
651 ## - SUBJECT ADDED ENTRY--GEOGRAPHIC NAME
Geographic name United States
General subdivision Economic conditions
Chronological subdivision 2001-2009.
9 (RLIN) 25115
651 ## - SUBJECT ADDED ENTRY--GEOGRAPHIC NAME
Geographic name United States
General subdivision Economic conditions
Chronological subdivision 2009-
9 (RLIN) 25116
651 ## - SUBJECT ADDED ENTRY--GEOGRAPHIC NAME
Geographic name China
General subdivision Economic conditions
Chronological subdivision 2000
9 (RLIN) 25117
651 ## - SUBJECT ADDED ENTRY--GEOGRAPHIC NAME
Geographic name China
General subdivision Politics and government
Chronological subdivision 21st century.
9 (RLIN) 25118
651 ## - SUBJECT ADDED ENTRY--GEOGRAPHIC NAME
Geographic name China
General subdivision Relations
Geographic subdivision United States.
9 (RLIN) 25119
651 ## - SUBJECT ADDED ENTRY--GEOGRAPHIC NAME
Geographic name United States
General subdivision Relations
Geographic subdivision China.
9 (RLIN) 25120
700 ## - ADDED ENTRY--PERSONAL NAME
9 (RLIN) 25105
942 ## - ADDED ENTRY ELEMENTS (KOHA)
Source of classification or shelving scheme Dewey Decimal Classification
Item type English Books
Classification part 337.73051
Call number suffix JON
Holdings
Withdrawn status Lost status Source of classification or shelving scheme Damaged status Not for loan Collection code Home library Current library Date acquired Source of acquisition Cost, normal purchase price Total Checkouts Full call number Barcode Date last seen Copy number Cost, replacement price Koha item type
    Dewey Decimal Classification   Not For Loan Non-fiction D.B.Act.Division D.B.Act.Division 27/12/2010 DBAD/PUB 575.00   337.73051 JON EN-85412 27/12/2010 1 575.00 English Books

© Delhi Public Library
Hit Counter
free hit counter